00887nam a2200229 a 450000100100000000500170001000800410002704000250006808200180009310000270011124500660013825000110020426000400021530000210025549000170027665000390029365100580033283000240039091000370041495201890045199900170064000003494420200930074012.0111021s1974 mx 000 0 spa d aDO-SdBNPbspacBNPHU a303.61bB271v1 aBarreiro, Julio92904410aViolencia y política en América Latina /cJulio Barreiro. a2a ed. aMéxico :bSiglo Veintiuno,c1974. a205 p. ;c15 cm.1 aMínimav42 4aViolenciazAmérica Latina960521 4aAmérica LatinaxPolítica Y Gobiernoy1948-929391 0aMínimav42928232 aValidado. Control de calidad MFF 001050718MOaGRbGRcHDd2011-10-21iLF1l0o303.61 B271vp34944-10r2020-06-25w2020-06-25y1zPerteneció a la biblioteca personal de Juan Isidro Jimenes- GrullónZNo se presta c34435d34435